00800cam a2200241u 450000100060000000300080000600500170001400800390003103500190007004000330008904100080012208200150013010000510014524500500019626000310024630000310027750400200030865000350032865000240036394200120038799900170039995201420041613097BD-RjUL20211208235414.0140130s1952 nyua 001 0 eng a(BD-RjUL)13147 aDLCcCarPdDLCdBD-RjULbeng aeng a621.3bERE1 aErickson, William H. [from old catalog]94074500aElectrical engineering, theory and practice / aNew York :bWiley,cc1952. a523 p. :billus. ;c24 cm. aIncludes index. 0aElectrical engineering.940802 0aElectronics.940803 2ddccBK c13097d13097 00102ddc40708NFICaRUCLbRUCLcStackd1959-09-29eAsia Foundation.g0.00l0o621.3 ERE 1952r2014-01-30 00:00:00tC-3w2014-01-30yBK